Podiel chemického zvetrávania pri acidifikácii horninového prostredia Belianskych Tatier

Podrobná bibliografia
Hlavný autor: Pavlarčík, Stanislav (Author)
Médium: Článok
Jazyk:Slovak
Vydané: [Tatranská Lomnica] : Správa TANAPu, 1999
Témy:
ISBN: 80-88680-27-1
Zdroj: 1. Prínos a perspektívy Tatranského národného parku v ochrane prírodného dedičstva Karpát 1. 80-88680-27-1 1. S. 114-117
LEADER 01124naa a2200373 a 4500
001 000028186
003 SVKKK
005 00000000000000.0
008 c1999 xo e sloo
FMT
020 |a 80-88680-27-1 
038 |a SVKKK 
040 |a SVKKK  |b slo  |e AACR2 
041 0 |a slo  |b eng 
044 |a xo  |c SK 
080 |a 551.311.2  |2 1981 
080 |a 552.54(234.372.3  |2 1981 
090 |a Sign. IV 180192 
100 1 |a Pavlarčík, Stanislav  |4 aut 
245 1 0 |a Podiel chemického zvetrávania pri acidifikácii horninového prostredia Belianskych Tatier  |c Pavlarčík Stanislav, 
260 |a [Tatranská Lomnica] :  |b Správa TANAPu,  |c 1999 
504 |a Res. angl., lit. 
650 0 4 |a acidifikácia  |z Belianske Tatry (Slovensko)  |x štúdie 
650 0 4 |a horniny karbonátové 
650 0 4 |a zvetrávanie chemické 
773 0 |t Prínos a perspektívy Tatranského národného parku v ochrane prírodného dedičstva Karpát  |z 80-88680-27-1  |g S. 114-117 
958 |a EK 
958 |a NB 
958 |a SK 
974 |d 990803  |a 244 
992 |a RZB 
BAS
852 |a SVKKK  |b BIB 
998 |a GEO